| 000 | 00455nam a2200157Ia 4500 | ||
|---|---|---|---|
| 003 | IN-BaIIA | ||
| 008 | 211028s9999 xx 000 0 eng d | ||
| 040 | _cIIA Library | ||
| 080 |
_a524 _bHAC |
||
| 100 |
_aHack, M. _96016 |
||
| 245 | 0 |
_aModern astrophysics a memorial to Otto struve _cM. Hack |
|
| 260 |
_aParis _bGauthier Villars _c1967 |
||
| 300 | _a360p. | ||
| 650 |
_aAstrophysics _9794 |
||
| 942 | _cBK | ||
| 999 |
_c3395 _d3395 |
||